Catalog

Record Details

Catalog Search



Kronika komunistického Československa. Klement Gottwald a Rudolf Slánský / Karel Kaplan

Summary:

Materiálové studie. V textu velké množství citací z dokumentů nejrůznějšího charakteru (korespondence, vzpomínky, dokumenty oficiálního charakteru atd.).
Životopisné studie. Politická kariéra dvou nejvyšších stranických a státních představitelů (K. Gottwald, R. Slánský), architektů a tvůrců socialistického režimu v Československu, jako příspěvek k dějinám poválečného Československa.

Record details

  • ISBN: 978-80-87029-53-4 (váz.) :
  • Physical Description: 375 s. ; 24 cm
  • Edition: 1. vyd.
  • Publisher: Brno : Společnost pro odbornou literaturu - Barrister & Principal, 2009

Content descriptions

General Note:
Obsahuje rejstřík

Available copies

  • 1 of 1 copy available at Common Catalog SPOK.

Holds

  • 0 current holds with 1 total copy.
Show Only Available Copies
Location Call Number / Copy Notes Barcode Shelving Location Status Due Date
Terezin Initiative Institute 5852 4594305852 Knihovna ITI Available -

Electronic resources

Version of Resource: Obsah


LDR 02253nam a2200517 a 4500
00127898
003CZ-PrJAB
00520230123155948.0
008090608s2009 xr gr 001 0dcze
015 . ‡acnb001962370
020 . ‡a978-80-87029-53-4 (váz.) : ‡cKč 495,00
035 . ‡a(CONS)2720
035 . ‡a(CZ PrSKC)nkc20091962370
035 . ‡a(OCoLC)433009293
040 . ‡aABA001 ‡bcze
080 . ‡a32-051 ‡2MRF
080 . ‡a329.15-051 ‡2MRF
080 . ‡a929 ‡2MRF
080 . ‡a321.74 ‡2MRF
080 . ‡a(437) ‡2MRF
080 . ‡a(048.8) ‡2MRF
1001 . ‡aKaplan, Karel, ‡d1928- ‡7jk01052903 ‡4aut
24510. ‡aKronika komunistického Československa. ‡pKlement Gottwald a Rudolf Slánský / ‡cKarel Kaplan
24630. ‡aKlement Gottwald a Rudolf Slánský
250 . ‡a1. vyd.
260 . ‡aBrno : ‡bSpolečnost pro odbornou literaturu - Barrister & Principal, ‡c2009
300 . ‡a375 s. ; ‡c24 cm
500 . ‡aObsahuje rejstřík
5209 . ‡aMateriálové studie. V textu velké množství citací z dokumentů nejrůznějšího charakteru (korespondence, vzpomínky, dokumenty oficiálního charakteru atd.).
5209 . ‡aŽivotopisné studie. Politická kariéra dvou nejvyšších stranických a státních představitelů (K. Gottwald, R. Slánský), architektů a tvůrců socialistického režimu v Československu, jako příspěvek k dějinám poválečného Československa.
85641. ‡uhttp://web.flu.cas.cz/scan/323511106.pdf ‡yObsah ‡4N
8524 . ‡bJACH-ITI ‡bJACH-ITI ‡cKnihovna ITI ‡j5852 ‡p5852 ‡y$0.00
910 . ‡aABE340 ‡b5852
995 . ‡askok
901 . ‡a27898 ‡bISxN ‡c27898 ‡tbiblio

Additional Resources